000 00587nam a22001817a 4500
999 _c12542
_d12542
008 190130b ||||| |||| 00| 0 eng d
020 _a971-542-291-8
082 _22001
_aDFil 899.211
_bP53
245 _aComing of magbabaya(Bukidnon)
_cDamiana Eugenio [Compiler and Editor]
260 _aQuezon City:
_bUP Press;
_c©2001
300 _aPage 241-242;
_c22.5 cm.
500 _aPhilippine folk literature: The myths
650 _aMythology
_935390
650 _aLegends
_935391
650 _aPhilippine folk literature (English)
_935392
650 _aFolklore
_935393
942 _2ddc
_cDFIL